000 00824cab a2200169 4500
001 ##L131568
008 051116n2005 000 0 eng u
035 _a(Sirsi) u131568
041 0 _aeng
245 0 0 _aConcrete truths
260 _c2005
490 0 _aConstruction Manager
_vNovember/December 2005, 23-25(2)
520 _aDiscusses prominent buildings effected by concrete deterioration, the limitations of present life-prediction models, attribution of responsibility for defects, the future of concrete structures, intelligent monitoring and the use of real-time monitoring devices, monitoring in other industries, aim of the study, and how contractors can assist.
590 _aIKA221105
690 _aBUILT ENVIRONMENT-BUILDING MATERIALS-CEMENTITIOUS, CONCRETE AND MINERAL BOUND MATERIALS-CONCRETE
942 _n0
999 _c76170
_d76170